000 01553nam a2200241Ia 4500
999 _c51677
_d51677
001 18668
003 GE_BSU
005 20210412170534.0
008 181216s2015||||ge |||||||||||||| ||geo||
040 _cGE_BSU
041 _ageo
080 _a53 ხ-35
100 _aხაჯიშვილი, მირანდა
_911241
245 _aგარემოს არაერთგვაროვნებისა და სტატისტიკური მახასიათებლების გავლენა რადიოსიგნალის გავრცელებაზე /
_cმირანდა ხაჯიშვილი; სამეცნიერო ხელმძღვანელი ნ. ღომიძე; ბათუმის შოთა რუსთაველის სახ-ფო უნ-ტი.
264 _aბათუმი,
_c2015.
300 _a156 გვ.
_b30 სმ.
653 _aგარემოს არაერთგვაროვნებისა და სტატისტიკური მახასიათებლების გავლენა რადიოსიგნალის გავრცელებაზე
653 _aდისერტაცია
653 _aფიზიკა
700 _aღომიძე, ნ.
_eსამეცნიერო ხელმძღვანელი
_96225
710 _aბათუმის შოთა რუსთაველის სახ-ფო უნ-ტი
_911242
942 _cBK
_2udc